[Event "Bundesliga 9495"]
[Site "Deutschland"]
[Date "1994.??.??"]
[Round "?.4"]
[White "Heissler, Jakob"]
[Black "Boensch, Uwe"]
[Result "1/2-1/2"]
[WhiteElo "2440"]
[BlackElo "2540"]
[PlyCount "91"]
[EventDate "1994.10.??"]
[EventType "team"]
[EventRounds "15"]
[EventCountry "GER"]
[SourceTitle "Bundesliga 9495"]
[Source "DeepChess"]
[SourceDate "2005.01.01"]
[SourceVersion "1"]
[SourceVersionDate "2005.01.01"]
[SourceQuality "1"]
[WhiteTeam "SAbt SV Werder Bremen"]
[BlackTeam "FC Bayern Muenchen e.V."]
[WhiteTeamCountry "GER"]
[BlackTeamCountry "GER"]

1. e4 c5 2. Nf3 d6 3. c3 Nf6 4. d3 g6 5. g3 Bg7 6. Bg2 O-O 7. O-O Nc6 8. Re1
Ne5 9. d4 Nxf3+ 10. Bxf3 Bh3 11. Nd2 cxd4 12. cxd4 Qd7 13. Nc4 Bg4 14. Bxg4
Nxg4 15. Ne3 Nxe3 16. Bxe3 d5 17. e5 Rfc8 18. Qd2 Rc4 19. b3 Rc6 20. Rac1 Rac8
21. Rxc6 Rxc6 22. Rc1 f6 23. Rxc6 Qxc6 24. exf6 Bxf6 25. Bg5 Bxg5 26. Qxg5 Qe6
27. h4 Qe1+ 28. Kg2 Qe4+ 29. Kg1 Kf7 30. Qh6 Qe1+ 31. Kg2 Qe4+ 32. Kg1 Kg8 33.
Qg5 h5 34. Qd2 Kf7 35. Kh2 b6 36. Qc3 a5 37. Qd2 Ke6 38. Qc3 Kd7 39. a4 Kd6 40.
b4 axb4 41. Qxb4+ Kc7 42. a5 bxa5 43. Qxa5+ Kd7 44. Qb6 Ke8 45. Kg1 Kf7 46. Kh2
1/2-1/2

[Event "Bundesliga 9495"]
[Site "Deutschland"]
[Date "1994.??.??"]
[Round "?.5"]
[White "Stangl, Markus"]
[Black "Meins, Gerlef"]
[Result "1-0"]
[WhiteElo "2535"]
[BlackElo "2440"]
[PlyCount "109"]
[EventDate "1994.10.??"]
[EventType "team"]
[EventRounds "15"]
[EventCountry "GER"]
[SourceTitle "Bundesliga 9495"]
[Source "DeepChess"]
[SourceDate "2005.01.01"]
[SourceVersion "1"]
[SourceVersionDate "2005.01.01"]
[SourceQuality "1"]
[WhiteTeam "FC Bayern Muenchen e.V."]
[BlackTeam "SAbt SV Werder Bremen"]
[WhiteTeamCountry "GER"]
[BlackTeamCountry "GER"]

1. Nf3 Nf6 2. d4 d5 3. c4 dxc4 4. e3 e6 5. Bxc4 c5 6. O-O a6 7. b3 Nbd7 8. Bb2
Be7 9. Nbd2 b5 10. Be2 Bb7 11. a4 bxa4 12. Rxa4 O-O 13. Qa1 cxd4 14. Bxd4 a5
15. Nc4 Bb4 16. Nfe5 Nxe5 17. Bxe5 Nd7 18. Ra2 Nxe5 19. Qxe5 Qd5 20. Bf3 Qxe5
21. Nxe5 Bxf3 22. gxf3 g6 23. Rc1 Rfc8 24. Nc6 Kg7 25. Rc4 Be1 26. Kf1 Ra6 27.
Rac2 Bb4 28. Nxa5 Rxc4 29. Nxc4 Ra1+ 30. Kg2 Rb1 31. Rb2 Rc1 32. f4 h6 33. Ra2
g5 34. Ra4 Be1 35. Ne5 Rc7 36. Nd3 Bc3 37. Kf3 f5 38. b4 Kf7 39. b5 Rb7 40. Ra3
Bf6 41. Rb3 Ke7 42. e4 fxe4+ 43. Kxe4 Kd6 44. h3 Rb6 45. Nb2 Rb8 46. Nc4+ Kc5
47. Ne5 Rb7 48. f5 exf5+ 49. Kxf5 Bg7 50. b6 Re7 51. Nd3+ Kc6 52. b7 Rxb7 53.
Rxb7 Kxb7 54. Kg6 Bf8 55. Ne5 1-0

[Event "Bundesliga 9495"]
[Site "Deutschland"]
[Date "1994.??.??"]
[Round "?.6"]
[White "Floegel, Ulrich"]
[Black "Bischoff, Klaus"]
[Result "1/2-1/2"]
[WhiteElo "2275"]
[BlackElo "2525"]
[PlyCount "59"]
[EventDate "1994.10.??"]
[EventType "team"]
[EventRounds "15"]
[EventCountry "GER"]
[SourceTitle "Bundesliga 9495"]
[Source "DeepChess"]
[SourceDate "2005.01.01"]
[SourceVersion "1"]
[SourceVersionDate "2005.01.01"]
[SourceQuality "1"]
[WhiteTeam "SAbt SV Werder Bremen"]
[BlackTeam "FC Bayern Muenchen e.V."]
[WhiteTeamCountry "GER"]
[BlackTeamCountry "GER"]

1. e4 c5 2. Nf3 e6 3. d3 Nc6 4. g3 d5 5. Qe2 Nf6 6. Bg2 Be7 7. O-O O-O 8. e5
Ne8 9. h4 Nc7 10. Bg5 b5 11. Nbd2 a5 12. c4 a4 13. Rab1 Bd7 14. Rfd1 h6 15. Bf4
Re8 16. Nf1 bxc4 17. dxc4 Na5 18. Ne3 Bc6 19. Nh2 d4 20. Bxc6 Nxc6 21. Neg4 h5
22. Nh6+ gxh6 23. Qxh5 f5 24. Qg6+ Kh8 25. Qxh6+ Kg8 26. Qg6+ Kh8 27. Nf3 Qd7
28. Qh6+ Kg8 29. Qg6+ Kh8 30. Qh6+ 1/2-1/2

[Event "Bundesliga 9495"]
[Site "Deutschland"]
[Date "1994.??.??"]
[Round "?.7"]
[White "Schlosser, Philipp"]
[Black "Meyer, Claus Dieter"]
[Result "1-0"]
[WhiteElo "2510"]
[BlackElo "2320"]
[PlyCount "89"]
[EventDate "1994.10.??"]
[EventType "team"]
[EventRounds "15"]
[EventCountry "GER"]
[SourceTitle "Bundesliga 9495"]
[Source "DeepChess"]
[SourceDate "2005.01.01"]
[SourceVersion "1"]
[SourceVersionDate "2005.01.01"]
[SourceQuality "1"]
[WhiteTeam "FC Bayern Muenchen e.V."]
[BlackTeam "SAbt SV Werder Bremen"]
[WhiteTeamCountry "GER"]
[BlackTeamCountry "GER"]

1. c4 e5 2. g3 Nf6 3. Bg2 d6 4. Nc3 Be7 5. Nf3 O-O 6. O-O c6 7. Qc2 Bg4 8. Rd1
Nbd7 9. d4 Qc7 10. Nh4 Rfe8 11. h3 Bh5 12. Be3 Bf8 13. Rac1 Rad8 14. d5 c5 15.
a3 a6 16. b3 Rb8 17. a4 Be7 18. Ra1 Rf8 19. a5 Bg6 20. Nf5 Kh8 21. Bd2 Bxf5 22.
Qxf5 g6 23. Qc2 Ng8 24. e4 Rbe8 25. Ne2 h5 26. h4 Bf6 27. Bh3 Bg7 28. Kg2 Bh6
29. Bc3 Kh7 30. Qd3 Ne7 31. f3 f5 32. Rf1 fxe4 33. fxe4 Nf6 34. Rf3 Ng4 35.
Raf1 Ng8 36. Rxf8 Bxf8 37. Bd2 Bh6 38. Bg5 Bxg5 39. hxg5 Kg7 40. Qf3 Qe7 41.
Bxg4 hxg4 42. Qxg4 Rf8 43. Nc3 Rxf1 44. Kxf1 Qc7 45. Na4 1-0

[Event "Bundesliga 9495"]
[Site "Deutschland"]
[Date "1994.??.??"]
[Round "?.8"]
[White "Hedke, Fred"]
[Black "Bezold, Michael"]
[Result "1/2-1/2"]
[WhiteElo "2350"]
[BlackElo "2475"]
[PlyCount "41"]
[EventDate "1994.10.??"]
[EventType "team"]
[EventRounds "15"]
[EventCountry "GER"]
[SourceTitle "Bundesliga 9495"]
[Source "DeepChess"]
[SourceDate "2005.01.01"]
[SourceVersion "1"]
[SourceVersionDate "2005.01.01"]
[SourceQuality "1"]
[WhiteTeam "SAbt SV Werder Bremen"]
[BlackTeam "FC Bayern Muenchen e.V."]
[WhiteTeamCountry "GER"]
[BlackTeamCountry "GER"]

1. e4 c5 2. c3 d5 3. exd5 Qxd5 4. d4 Nf6 5. Nf3 e6 6. Be2 Nc6 7. O-O cxd4 8.
cxd4 Be7 9. Nc3 Qd6 10. Be3 O-O 11. Rc1 a6 12. Qd2 Nb4 13. Bf4 Qd8 14. Ne5 Nbd5
15. Bg3 b5 16. Nc6 Qd7 17. Bf3 Re8 18. Ne5 Qd8 19. Nc6 Qd7 20. Ne5 Qd8 21. Nc6
1/2-1/2

[Event "Bundesliga 9495"]
[Site "Deutschland"]
[Date "1995.??.??"]
[Round "?.1"]
[White "Huebner, Robert"]
[Black "Chandler, Murray G"]
[Result "1-0"]
[WhiteElo "2620"]
[BlackElo "2535"]
[PlyCount "81"]
[EventDate "1994.10.??"]
[EventType "team"]
[EventRounds "15"]
[EventCountry "GER"]
[SourceTitle "Bundesliga 9495"]
[Source "DeepChess"]
[SourceDate "2005.01.01"]
[SourceVersion "1"]
[SourceVersionDate "2005.01.01"]
[SourceQuality "1"]
[WhiteTeam "FC Bayern Muenchen e.V."]
[BlackTeam "SG 1868 Aljech. Solingen"]
[WhiteTeamCountry "GER"]
[BlackTeamCountry "GER"]

1. e4 c5 2. Nf3 Nc6 3. d4 cxd4 4. Nxd4 e5 5. Nb5 d6 6. c4 Be7 7. N1c3 a6 8. Na3
Be6 9. Nd5 Nf6 10. Bd3 O-O 11. O-O Nd7 12. Nc2 Bg5 13. b4 Bxc1 14. Qxc1 Rc8 15.
Qb2 Qg5 16. Rad1 h5 17. Be2 h4 18. Qc1 Qg6 19. Qe3 Bxd5 20. Rxd5 Nf6 21. Rxd6
Qxe4 22. Qxe4 Nxe4 23. Rd3 Nf6 24. Rfd1 a5 25. a3 axb4 26. axb4 Ra8 27. f3 Ra2
28. R3d2 g6 29. c5 Kg7 30. b5 Na5 31. Ra1 Rxa1+ 32. Nxa1 Rc8 33. Ra2 b6 34.
cxb6 Nb7 35. Nb3 Nd5 36. Ra7 Rb8 37. Ra6 Nd6 38. Na5 Nb4 39. b7 Nxb7 40. Rb6
Ra8 41. Nxb7 1-0

[Event "Bundesliga 9495"]
[Site "Deutschland"]
[Date "1995.??.??"]
[Round "?.3"]
[White "Kindermann, Stefan"]
[Black "Podzielny, Karl Heinz"]
[Result "1/2-1/2"]
[WhiteElo "2585"]
[BlackElo "2455"]
[PlyCount "94"]
[EventDate "1994.10.??"]
[EventType "team"]
[EventRounds "15"]
[EventCountry "GER"]
[SourceTitle "Bundesliga 9495"]
[Source "DeepChess"]
[SourceDate "2005.01.01"]
[SourceVersion "1"]
[SourceVersionDate "2005.01.01"]
[SourceQuality "1"]
[WhiteTeam "FC Bayern Muenchen e.V."]
[BlackTeam "SG 1868 Aljech. Solingen"]
[WhiteTeamCountry "GER"]
[BlackTeamCountry "GER"]

1. e4 c5 2. Nf3 e6 3. d4 cxd4 4. Nxd4 a6 5. Bd3 Nf6 6. O-O Qc7 7. Qe2 d6 8. f4
Nbd7 9. c4 Be7 10. b3 h5 11. Bb2 Qb6 12. Kh1 h4 13. Qf3 g5 14. Nxe6 g4 15. Ng7+
Kf8 16. Qe2 Kxg7 17. Nc3 Kf8 18. Nd5 Qd8 19. e5 Nxd5 20. cxd5 h3 21. gxh3 Rxh3
22. Bf5 Nf6 23. Bxc8 dxe5 24. Bxg4 Qxd5+ 25. Bf3 e4 26. Bxf6 Bxf6 27. Bxe4 Re8
28. Rae1 Qe6 29. Qg2 Rh8 30. Re2 Rg8 31. Qf3 Qg4 32. Qxg4 Rxg4 33. Bf3 Rxe2 34.
Bxe2 Rg6 35. Bf3 b6 36. Rd1 Be7 37. f5 Rd6 38. Bd5 Rh6 39. Kg2 Rh4 40. Kg3 Rh6
41. h3 a5 42. a4 Kg7 43. Rd4 Kf6 44. Kg4 Rh7 45. Be4 Rg7+ 46. Kf4 Rh7 47. Kg4
Rg7+ 1/2-1/2

[Event "Bundesliga 9495"]
[Site "Deutschland"]
[Date "1995.??.??"]
[Round "?.4"]
[White "Reeh, Oliver"]
[Black "Gabriel, Christian"]
[Result "0-1"]
[WhiteElo "2450"]
[BlackElo "2535"]
[PlyCount "100"]
[EventDate "1994.10.??"]
[EventType "team"]
[EventRounds "15"]
[EventCountry "GER"]
[SourceTitle "Bundesliga 9495"]
[Source "DeepChess"]
[SourceDate "2005.01.01"]
[SourceVersion "1"]
[SourceVersionDate "2005.01.01"]
[SourceQuality "1"]
[WhiteTeam "SG 1868 Aljech. Solingen"]
[BlackTeam "FC Bayern Muenchen e.V."]
[WhiteTeamCountry "GER"]
[BlackTeamCountry "GER"]

1. d4 Nf6 2. c4 e6 3. Nf3 d5 4. Nc3 c6 5. cxd5 exd5 6. Bg5 Be7 7. Qc2 O-O 8. e3
Nbd7 9. Bd3 Re8 10. O-O-O Nf8 11. h3 a5 12. Kb1 b5 13. Ne5 Bb7 14. Ne2 Rc8 15.
Ng3 Qb6 16. Qe2 b4 17. Nf5 c5 18. Bb5 Qe6 19. Qf3 Ne4 20. Bxe7 Rxe7 21. Nxe7+
Qxe7 22. Bd3 c4 23. Bxe4 dxe4 24. Qe2 Qe6 25. Rc1 Bd5 26. f4 f6 27. f5 Qa6 28.
Ng4 Nd7 29. Nf2 Qc6 30. Nd1 Nb6 31. g4 c3 32. bxc3 Qa4 33. Rh2 b3 34. Qa6 Rb8
35. Qa7 Rb7 36. Qxb7 Bxb7 37. axb3 Qd7 38. c4 a4 39. Rb2 Ba6 40. bxa4 Nxc4 41.
Rb4 Qd5 42. Rc3 h5 43. gxh5 Kh7 44. Kc1 Na5 45. Rb2 Bd3 46. Nf2 Bc4 47. h6 Kxh6
48. Kd1 Qxf5 49. Ng4+ Kh7 50. Rf2 Qd7 0-1

[Event "Bundesliga 9495"]
[Site "Deutschland"]
[Date "1995.??.??"]
[Round "?.5"]
[White "Boensch, Uwe"]
[Black "Schaefer, Markus"]
[Result "1/2-1/2"]
[WhiteElo "2550"]
[BlackElo "2435"]
[PlyCount "68"]
[EventDate "1994.10.??"]
[EventType "team"]
[EventRounds "15"]
[EventCountry "GER"]
[SourceTitle "Bundesliga 9495"]
[Source "DeepChess"]
[SourceDate "2005.01.01"]
[SourceVersion "1"]
[SourceVersionDate "2005.01.01"]
[SourceQuality "1"]
[WhiteTeam "FC Bayern Muenchen e.V."]
[BlackTeam "SG 1868 Aljech. Solingen"]
[WhiteTeamCountry "GER"]
[BlackTeamCountry "GER"]

1. d4 Nf6 2. c4 g6 3. Nc3 Bg7 4. e4 d6 5. Be2 O-O 6. Bg5 Na6 7. Qd2 e5 8. d5
Qe8 9. h4 Nh5 10. Bxh5 gxh5 11. Nge2 f5 12. exf5 Bxf5 13. Ng3 Qg6 14. Nxf5 Qxf5
15. O-O Nc5 16. Rad1 Bf6 17. b4 Ne4 18. Nxe4 Qxe4 19. Rfe1 Qg4 20. c5 Bxg5 21.
Qxg5+ Qxg5 22. hxg5 Rf5 23. cxd6 cxd6 24. Rc1 Raf8 25. Re2 Kg7 26. Rc7+ R8f7
27. Rxf7+ Rxf7 28. Rc2 Kg6 29. Rc8 Rd7 30. f3 Kxg5 31. Kf2 Kf6 32. b5 Ke7 33.
Ke3 Kf6 34. a4 Rg7 1/2-1/2

[Event "Bundesliga 9495"]
[Site "Deutschland"]
[Date "1995.??.??"]
[Round "?.6"]
[White "Zysk, Robert"]
[Black "Stangl, Markus"]
[Result "1/2-1/2"]
[WhiteElo "2450"]
[BlackElo "2540"]
[PlyCount "61"]
[EventDate "1994.10.??"]
[EventType "team"]
[EventRounds "15"]
[EventCountry "GER"]
[SourceTitle "Bundesliga 9495"]
[Source "DeepChess"]
[SourceDate "2005.01.01"]
[SourceVersion "1"]
[SourceVersionDate "2005.01.01"]
[SourceQuality "1"]
[WhiteTeam "SG 1868 Aljech. Solingen"]
[BlackTeam "FC Bayern Muenchen e.V."]
[WhiteTeamCountry "GER"]
[BlackTeamCountry "GER"]

1. d4 d5 2. Nf3 c6 3. c4 dxc4 4. e3 b5 5. a4 e6 6. axb5 cxb5 7. b3 Bb4+ 8. Bd2
Bxd2+ 9. Nbxd2 a5 10. bxc4 b4 11. Ne5 Nf6 12. Be2 Bb7 13. Bf3 Qc7 14. Qa4+ Nfd7
15. Bxb7 Qxb7 16. O-O O-O 17. Nxd7 Qxd7 18. Nb3 Nc6 19. Rfd1 Qc7 20. h3 Rfd8
21. e4 h6 22. d5 Ne7 23. Qb5 a4 24. Rxa4 Rxa4 25. Qxa4 Qxc4 26. d6 Nc8 27. Rd4
Qc3 28. d7 Nb6 29. Qxb4 Qxb4 30. Rxb4 Nxd7 31. Rd4 1/2-1/2

[Event "Bundesliga 9495"]
[Site "Deutschland"]
[Date "1995.??.??"]
[Round "?.7"]
[White "Schlosser, Philipp"]
[Black "Seul, Georg"]
[Result "1-0"]
[WhiteElo "2505"]
[BlackElo "2440"]
[PlyCount "63"]
[EventDate "1994.10.??"]
[EventType "team"]
[EventRounds "15"]
[EventCountry "GER"]
[SourceTitle "Bundesliga 9495"]
[Source "DeepChess"]
[SourceDate "2005.01.01"]
[SourceVersion "1"]
[SourceVersionDate "2005.01.01"]
[SourceQuality "1"]
[WhiteTeam "FC Bayern Muenchen e.V."]
[BlackTeam "SG 1868 Aljech. Solingen"]
[WhiteTeamCountry "GER"]
[BlackTeamCountry "GER"]

1. Nf3 d6 2. c4 e5 3. Nc3 f5 4. g3 Nf6 5. d4 e4 6. Nh4 g6 7. Bg5 Bg7 8. e3 c6
9. g4 h6 10. Bxf6 Qxf6 11. Ng2 g5 12. h4 O-O 13. hxg5 hxg5 14. Qc2 Na6 15.
O-O-O Qg6 16. gxf5 Bxf5 17. a3 Bg4 18. Rd2 Rae8 19. Ne1 Qf5 20. c5 d5 21. Bxa6
bxa6 22. Qa4 Qc8 23. Nc2 a5 24. Qxa5 Bf6 25. Qxa7 Rf7 26. Qa4 Bf3 27. Rg1 Qe6
28. Nb4 Rc8 29. Qa6 Qd7 30. Kb1 Rc7 31. Rc2 Rh7 32. Ncxd5 1-0

[Event "Bundesliga 9495"]
[Site "Deutschland"]
[Date "1995.??.??"]
[Round "?.8"]
[White "Schmidt, Bodo"]
[Black "Bezold, Michael"]
[Result "0-1"]
[WhiteElo "2365"]
[BlackElo "2495"]
[PlyCount "106"]
[EventDate "1994.10.??"]
[EventType "team"]
[EventRounds "15"]
[EventCountry "GER"]
[SourceTitle "Bundesliga 9495"]
[Source "DeepChess"]
[SourceDate "2005.01.01"]
[SourceVersion "1"]
[SourceVersionDate "2005.01.01"]
[SourceQuality "1"]
[WhiteTeam "SG 1868 Aljech. Solingen"]
[BlackTeam "FC Bayern Muenchen e.V."]
[WhiteTeamCountry "GER"]
[BlackTeamCountry "GER"]

1. d4 d6 2. Nf3 Bg4 3. e4 Nf6 4. Bd3 e6 5. O-O Be7 6. c3 c6 7. Nbd2 Bh5 8. Re1
O-O 9. Nf1 d5 10. exd5 cxd5 11. Ng3 Bg6 12. Bxg6 hxg6 13. Ne2 Bd6 14. Bf4 Nc6
15. Qd3 Rc8 16. Ng5 Re8 17. Rad1 Nh7 18. Nxh7 Kxh7 19. Bxd6 Qxd6 20. Qf3 Kg8
21. Nf4 b5 22. a3 a5 23. b4 Nb8 24. Rc1 Nd7 25. Nd3 a4 26. Qg4 Nb6 27. Re3 Nc4
28. Rh3 Qd8 29. Ra1 Rc6 30. f4 Qf6 31. Ne5 Rc7 32. Nxc4 Rxc4 33. Rd1 Rec8 34.
Qe2 Rxc3 35. Rxc3 Rxc3 36. Qxb5 Qxf4 37. Qxa4 Qe3+ 38. Kh1 Rxa3 39. Qe8+ Kh7
40. Qxf7 Qxd4 41. Rf1 Qe4 42. b5 Rb3 43. h3 Rxb5 44. Rf3 Qe5 45. Rf1 Qe4 46.
Rf3 Rb1+ 47. Kh2 Re1 48. h4 Re3 49. Rf4 Qe5 50. g3 Re4 51. Rf1 Rxh4+ 52. Kg2
Qe4+ 53. Rf3 Rh5 0-1

[Event "Bundesliga 9495"]
[Site "Deutschland"]
[Date "1994.??.??"]
[Round "?.2"]
[White "Jussupow, Artur"]
[Black "Glek, Igor V"]
[Result "1-0"]
[WhiteElo "2655"]
[BlackElo "2615"]
[PlyCount "81"]
[EventDate "1994.10.??"]
[EventType "team"]
[EventRounds "15"]
[EventCountry "GER"]
[SourceTitle "Bundesliga 9495"]
[Source "DeepChess"]
[SourceDate "2005.01.01"]
[SourceVersion "1"]
[SourceVersionDate "2005.01.01"]
[SourceQuality "1"]
[WhiteTeam "FC Bayern Muenchen e.V."]
[BlackTeam "SG Bochum 31"]
[WhiteTeamCountry "GER"]
[BlackTeamCountry "GER"]

1. d4 Nf6 2. c4 g6 3. Nf3 Bg7 4. g3 c6 5. Bg2 d5 6. cxd5 cxd5 7. Nc3 O-O 8. Ne5
Nc6 9. O-O Bd7 10. Bg5 Be8 11. Rc1 Ne4 12. Nxc6 Bxc6 13. Bxe4 dxe4 14. d5 Bd7
15. Nxe4 h6 16. Be3 Qa5 17. Bd4 Qxd5 18. Bxg7 Qxe4 19. Bxf8 Bh3 20. f3 Qe3+ 21.
Rf2 Rd8 22. Qe1 Kxf8 23. Qc3 Qxc3 24. bxc3 h5 25. e3 Rd3 26. Re2 e5 27. Kf2 Bd7
28. Rb2 Bc6 29. Ke2 Rd5 30. e4 Ra5 31. c4 Ra3 32. Rcc2 Ke7 33. Rb3 Ra5 34. Ke3
Kd6 35. c5+ Kc7 36. Rd3 Ra4 37. Rd6 f5 38. Rxg6 fxe4 39. Rg7+ Kc8 40. fxe4 Bxe4
41. Rf2 1-0

[Event "Bundesliga 9495"]
[Site "Deutschland"]
[Date "1994.??.??"]
[Round "?.4"]
[White "Gabriel, Christian"]
[Black "Backwinkel, Paul"]
[Result "0-1"]
[WhiteElo "2545"]
[BlackElo "2410"]
[PlyCount "108"]
[EventDate "1994.10.??"]
[EventType "team"]
[EventRounds "15"]
[EventCountry "GER"]
[SourceTitle "Bundesliga 9495"]
[Source "DeepChess"]
[SourceDate "2005.01.01"]
[SourceVersion "1"]
[SourceVersionDate "2005.01.01"]
[SourceQuality "1"]
[WhiteTeam "FC Bayern Muenchen e.V."]
[BlackTeam "SG Bochum 31"]
[WhiteTeamCountry "GER"]
[BlackTeamCountry "GER"]

1. d4 c5 2. d5 d6 3. e4 e5 4. h3 Be7 5. Nf3 h5 6. Bb5+ Nd7 7. a4 a6 8. Bxd7+
Bxd7 9. a5 Nf6 10. Nc3 h4 11. Ra3 Nh5 12. Rb3 Qxa5 13. Rxb7 Bc8 14. Rb3 Qc7 15.
Ne2 Rb8 16. Rd3 Qd8 17. Nd2 Bg5 18. Nc4 Bxc1 19. Qxc1 Rb4 20. Nd2 Qg5 21. c3
Rb8 22. O-O Rh6 23. Nc4 Qd8 24. f4 exf4 25. Nxf4 Ng3 26. Re1 g5 27. Ne2 Nxe4
28. Ng3 hxg3 29. Rxe4+ Kf8 30. Rxg3 Rg6 31. Qf1 a5 32. Rf3 Rg7 33. Qf2 f5 34.
Ne3 f4 35. g4 Re7 36. Rxe7 Qxe7 37. h4 Kg7 38. Nf5+ Bxf5 39. gxf5 Rf8 40. Qc2
Qe5 41. hxg5 Rxf5 42. Kf2 Rxg5 43. Qa4 Qf5 44. Qxf4 Qc2+ 45. Kf1 Qb1+ 46. Kf2
Qxb2+ 47. Kf1 Qg2+ 48. Ke1 Re5+ 49. Kd1 Qe2+ 50. Kc1 Qe1+ 51. Kc2 Re2+ 52. Kd3
Qd1+ 53. Kc4 Qa4+ 54. Kd3 Qc2+ 0-1

[Event "Bundesliga 9495"]
[Site "Deutschland"]
[Date "1994.??.??"]
[Round "?.5"]
[White "Jackelen, Thomas"]
[Black "Boensch, Uwe"]
[Result "1/2-1/2"]
[WhiteElo "2415"]
[BlackElo "2540"]
[PlyCount "121"]
[EventDate "1994.10.??"]
[EventType "team"]
[EventRounds "15"]
[EventCountry "GER"]
[SourceTitle "Bundesliga 9495"]
[Source "DeepChess"]
[SourceDate "2005.01.01"]
[SourceVersion "1"]
[SourceVersionDate "2005.01.01"]
[SourceQuality "1"]
[WhiteTeam "SG Bochum 31"]
[BlackTeam "FC Bayern Muenchen e.V."]
[WhiteTeamCountry "GER"]
[BlackTeamCountry "GER"]

1. Nf3 d5 2. c4 e6 3. g3 dxc4 4. Qa4+ Nd7 5. Qxc4 c5 6. Bg2 b6 7. Nd4 Ne5 8.
Nc6 Nxc4 9. Nxd8 Rb8 10. Nc6 Bb7 11. O-O Ra8 12. Rd1 Ne7 13. Ne5 Na5 14. Bxb7
Nxb7 15. Nc3 f6 16. Nc4 Nc6 17. d3 Be7 18. b3 Kf7 19. Bb2 Nd4 20. e3 Nc6 21. d4
Rhd8 22. dxc5 Nxc5 23. Nb5 e5 24. Ba3 Ne4 25. Bxe7 Kxe7 26. Rac1 Rxd1+ 27. Rxd1
Rd8 28. Rxd8 Kxd8 29. f3 Nc5 30. Kf1 a6 31. Nc3 b5 32. Nd2 Kd7 33. Ke2 f5 34.
a3 b4 35. axb4 Nxb4 36. e4 g6 37. exf5 gxf5 38. g4 Ke6 39. gxf5+ Kxf5 40. Nce4
Ne6 41. Ke3 Nd5+ 42. Kf2 Kf4 43. Ng3 Nd4 44. Ne2+ Nxe2 45. Kxe2 Nb4 46. Ne4 Nc6
47. Nc5 Nd4+ 48. Kf2 Nxf3 49. Nxa6 e4 50. Nc5 e3+ 51. Ke2 Nd4+ 52. Kd3 Nf5 53.
Ke2 Nd4+ 54. Kd3 Nf5 55. Ke2 h5 56. b4 h4 57. Ne6+ Ke4 58. b5 Kd5 59. Ng5 Kc5
60. Nf3 Kxb5 61. Nd4+ 1/2-1/2

[Event "Bundesliga 9495"]
[Site "Deutschland"]
[Date "1994.??.??"]
[Round "?.6"]
[White "Stangl, Markus"]
[Black "Luecke, Norbert"]
[Result "1-0"]
[WhiteElo "2535"]
[BlackElo "2410"]
[PlyCount "71"]
[EventDate "1994.10.??"]
[EventType "team"]
[EventRounds "15"]
[EventCountry "GER"]
[SourceTitle "Bundesliga 9495"]
[Source "DeepChess"]
[SourceDate "2005.01.01"]
[SourceVersion "1"]
[SourceVersionDate "2005.01.01"]
[SourceQuality "1"]
[WhiteTeam "FC Bayern Muenchen e.V."]
[BlackTeam "SG Bochum 31"]
[WhiteTeamCountry "GER"]
[BlackTeamCountry "GER"]

1. c4 Nf6 2. Nf3 g6 3. g3 Bg7 4. Bg2 O-O 5. d4 d5 6. cxd5 Nxd5 7. O-O Nb6 8.
Nc3 Nc6 9. d5 Na5 10. Qc2 c6 11. dxc6 bxc6 12. Rd1 Qc7 13. Ne4 Nac4 14. Rb1 Bf5
15. Nd4 Bg4 16. h3 Rad8 17. hxg4 Rxd4 18. Rxd4 Bxd4 19. b3 Nd6 20. Nxd6 Qxd6
21. Qxc6 Qxg3 22. e3 Qxg4 23. exd4 Qd1+ 24. Kh2 Qh5+ 25. Kg3 g5 26. Bf3 Qh4+
27. Kg2 g4 28. Be2 Qh3+ 29. Kg1 Rc8 30. Qh6 Qc3 31. Qg5+ Kh8 32. Qxe7 Qc2 33.
Ra1 Nd5 34. Qe5+ f6 35. Qxd5 Qxe2 36. Bf4 1-0

[Event "Bundesliga 9495"]
[Site "Deutschland"]
[Date "1994.??.??"]
[Round "?.7"]
[White "Sonntag, Hans Hubert"]
[Black "Bischoff, Klaus"]
[Result "1/2-1/2"]
[WhiteElo "2430"]
[BlackElo "2525"]
[PlyCount "94"]
[EventDate "1994.10.??"]
[EventType "team"]
[EventRounds "15"]
[EventCountry "GER"]
[SourceTitle "Bundesliga 9495"]
[Source "DeepChess"]
[SourceDate "2005.01.01"]
[SourceVersion "1"]
[SourceVersionDate "2005.01.01"]
[SourceQuality "1"]
[WhiteTeam "SG Bochum 31"]
[BlackTeam "FC Bayern Muenchen e.V."]
[WhiteTeamCountry "GER"]
[BlackTeamCountry "GER"]

1. d4 e6 2. Nf3 Nf6 3. g3 d5 4. Bg2 Be7 5. O-O b5 6. Bg5 Nbd7 7. Nbd2 O-O 8.
Bxf6 Bxf6 9. e4 c6 10. a4 b4 11. a5 Rb8 12. Nb3 Be7 13. Re1 Qc7 14. Nfd2 Nf6
15. Bf1 Rd8 16. e5 Nd7 17. Bd3 c5 18. dxc5 Nxe5 19. Bxh7+ Kxh7 20. Qh5+ Kg8 21.
Qxe5 Qxe5 22. Rxe5 Bf6 23. Nf3 Ba6 24. Nbd4 Rdc8 25. Re3 Rxc5 26. Ne5 Rbc8 27.
b3 Bb5 28. f4 Be8 29. Re2 Bd8 30. f5 exf5 31. Rd1 Bf6 32. Nxf5 Bb5 33. Ree1 Rd8
34. Nd4 Bd7 35. a6 g6 36. Kg2 Kg7 37. h4 Bc8 38. Nec6 Rd6 39. Nxb4 Rb6 40. c3
Bxa6 41. Nxa6 Rxc3 42. Ne2 Rc2 43. Rxd5 Rxa6 44. Kf3 Re6 45. Rd3 Be7 46. Nd4
Rf6+ 47. Kg4 Rc7 1/2-1/2

[Event "Bundesliga 9495"]
[Site "Deutschland"]
[Date "1994.??.??"]
[Round "?.8"]
[White "Schlosser, Philipp"]
[Black "Kassebaum, Roman"]
[Result "1-0"]
[WhiteElo "2510"]
[BlackElo "2335"]
[PlyCount "103"]
[EventDate "1994.10.??"]
[EventType "team"]
[EventRounds "15"]
[EventCountry "GER"]
[SourceTitle "Bundesliga 9495"]
[Source "DeepChess"]
[SourceDate "2005.01.01"]
[SourceVersion "1"]
[SourceVersionDate "2005.01.01"]
[SourceQuality "1"]
[WhiteTeam "FC Bayern Muenchen e.V."]
[BlackTeam "SG Bochum 31"]
[WhiteTeamCountry "GER"]
[BlackTeamCountry "GER"]

1. Nf3 Nf6 2. c4 g6 3. Nc3 Bg7 4. e4 d6 5. d4 O-O 6. Be2 e5 7. d5 a5 8. h3 Nh5
9. Ng1 Nf6 10. Bg5 h6 11. Be3 Na6 12. Nf3 Ne8 13. Qd2 Kh7 14. g4 f5 15. exf5
gxf5 16. gxf5 Bxf5 17. O-O-O Nc5 18. Rdg1 Qf6 19. h4 a4 20. Ng5+ Kh8 21. Bxc5
dxc5 22. Nge4 Bxe4 23. Nxe4 Qf4 24. Nxc5 Qxd2+ 25. Kxd2 Rxf2 26. Ne6 e4 27. Ke3
Rf7 28. Bh5 Re7 29. Bxe8 Raxe8 30. Rh2 c6 31. Rg6 Kh7 32. h5 cxd5 33. cxd5 Be5
34. Rf2 Bg7 35. Kxe4 b5 36. Rfg2 Bh8 37. Rc2 b4 38. b3 axb3 39. axb3 Bc3 40.
Ra2 Rf7 41. Ra6 Rfe7 42. Rc6 Bb2 43. Kd3 Be5 44. Kc4 Bh2 45. Nc5 Bf4 46. d6 Rf7
47. d7 Rd8 48. Rcf6 Rxf6 49. Rxf6 Bg5 50. Rf5 Kg8 51. Rd5 Kf7 52. Nb7 1-0